Top 50 Juice WRLD Songs - Statistics

General Stats
  • This quiz has been taken 114 times
  • The average score is 14 of 50
Answer Stats
Hint Answer % Correct
5 - GB&GR Lucid Dreams
88%
13 - GB&GR All Girls Are The Same
78%
2 - Death Race Robbery
72%
1 - Legends Never Die Wishing Well
72%
8 - Party Never Ends Empty Out Your Pockets
50%
31 - GB&GR Wasted
49%
4 - GB&GR Armed And Dangerous
46%
10 - GB&GR Lean Wit Me
46%
11 - Fighting Demons Legends
46%
16 - Death Race Maze
42%
35 - Party Never Ends Misfit
41%
44 - GB&GR Candles
39%
25 - GB&GR Black & White
38%
24 - Legends Never Die Come & Go
38%
27 - Death Race Flaws And Sins
38%
20 - Death Race Bandit
36%
18 - Legends Never Die Conversations
35%
50 - Legends Never Die Smile
31%
9 - Fighting Demons Burn
28%
3 - Death Race Feeling
28%
29 - Death Race Hear Me Calling
28%
32 - Party Never Ends The Party Never Ends
28%
14 - Legends Never Die Blood On My Jeans
27%
47 - Death Race Who Shot Cupid
26%
43 - Fighting Demons Cigarettes
24%
28 - Party Never Ends Barbarian
22%
17 - GB&GR Hurt Me
22%
19 - Death Race Ring Ring
22%
34 - Legends Never Die Titanic
22%
30 - GB&GR Used To
22%
37 - Death Race 10 Feet
20%
21 - Party Never Ends Cuffed
19%
7 - GB&GR I'll Be Fine
19%
33 - Fighting Demons Sometimes
19%
38 - Legends Never Die Hate The Other Side
18%
6 - Party Never Ends Party By Myself
18%
26 - Party Never Ends Adore You
16%
45 - Fighting Demons Already Dead
16%
49 - Death Race Rider
16%
46 - Legends Never Die Bad Energy
15%
23 - Death Race Make Believe
15%
12 - Legends Never Die Cant Die
11%
41 - Party Never Ends Celebrate
9%
40 - Party Never Ends Floor It
9%
48 - Party Never Ends Best Friend
8%
39 - WRLD On Drugs Jet Lag
8%
15 - Fighting Demons Not Enough
7%
36 - Fighting Demons You Wouldn't Understand
7%
22 - Legends Never Die I Want It
5%
42 - Fighting Demons Feel Alone
3%
No matching quizzes found
Score Distribution
Percent of People with Each Score
Percentile by Number Answered
Your Score History
You have not taken this quiz